<?xml version="1.0" encoding="UTF-8"?>
<record
    xmlns:xsi="http://www.w3.org/2001/XMLSchema-instance"
    xsi:schemaLocation="http://www.loc.gov/MARC21/slim http://www.loc.gov/standards/marcxml/schema/MARC21slim.xsd"
    xmlns="http://www.loc.gov/MARC21/slim">

  <leader>01773nam a2200205Ia 4500</leader>
  <controlfield tag="001">b7180-53329 </controlfield>
  <controlfield tag="003">IT-MiCISF</controlfield>
  <controlfield tag="008">161014s9999||||xx |||||||||||||| ||und||</controlfield>
  <datafield tag="040" ind1=" " ind2=" ">
    <subfield code="a">IT-MiCISF</subfield>
    <subfield code="c">IT-MiCISF</subfield>
  </datafield>
  <datafield tag="041" ind1=" " ind2=" ">
    <subfield code="a">it</subfield>
  </datafield>
  <datafield tag="100" ind1=" " ind2=" ">
    <subfield code="a">Simonelli Chiara (a cura di)</subfield>
  </datafield>
  <datafield tag="245" ind1=" " ind2="0">
    <subfield code="a">Le disfunzioni sessuali maschili e il modello integrato nel contesto pubblico</subfield>
    <subfield code="b">Dalla teoria alla pratica clinica</subfield>
  </datafield>
  <datafield tag="250" ind1=" " ind2=" ">
    <subfield code="a">1a ed.</subfield>
  </datafield>
  <datafield tag="260" ind1=" " ind2=" ">
    <subfield code="a"> Milano</subfield>
    <subfield code="b">Franco Angeli</subfield>
    <subfield code="c">2013</subfield>
  </datafield>
  <datafield tag="300" ind1=" " ind2=" ">
    <subfield code="a">pp. 156</subfield>
  </datafield>
  <datafield tag="500" ind1=" " ind2=" ">
    <subfield code="a">Fabrizi A., Simonelli C., Tripodi F., Silvaggi C., Pierleoni L., Gambino G., Cosmi V., Gentile V., Petruccelli I., Rossi R., Michetti P.M., Piacenza S., Tienforti D., Sansalone S., Antonini G. / sessualit&#xE0;-maschile, problemi-sessualit&#xE0;, terapia-sessuale, servizi-sanitari / Questo libro raccoglie l'esperienza di sei anni di lavoro clinico effettuato presso l'ambulatorio del Dipartimento di Urologia del Policlinico Umberto I di Roma, dove le disfunzioni sessuali maschili vengono affrontate secondo il nuovo modello integrato della sessuologia clinica, un servizio innovativo che ha affiancato al gruppo di andrologi i consulenti psico-sessuologi per accogliere, insieme al tradizionale disagio del corpo, anche quello della psiche e della relazione di coppia, che nella sessualit&#xE0; sono in una stretta interazione reciproca. All'interno del volume si chiarisce come i diversi specialisti, di fronte ad una disfunzione sessuale, lavorino sia in parallelo sia congiuntamente. E' confrontandosi sui derivati biologici, psicometrici e dei colloqui individuali e di coppia che si riesce a formulare una diagnosi pi&#xF9; articolata, e organizzare al meglio le priorit&#xE0; degli interventi da effettuare.</subfield>
  </datafield>
  <datafield tag="650" ind1=" " ind2=" ">
    <subfield code="a">sessualit&#xE0;</subfield>
  </datafield>
  <datafield tag="942" ind1=" " ind2=" ">
    <subfield code="c">BK</subfield>
  </datafield>
  <datafield tag="957" ind1=" " ind2=" ">
    <subfield code="7">1</subfield>
  </datafield>
  <datafield tag="999" ind1=" " ind2=" ">
    <subfield code="a">53329</subfield>
    <subfield code="b">si</subfield>
    <subfield code="g">1</subfield>
    <subfield code="c">209789</subfield>
    <subfield code="d">209789</subfield>
  </datafield>
  <datafield tag="952" ind1=" " ind2=" ">
    <subfield code="0">0</subfield>
    <subfield code="1">0</subfield>
    <subfield code="4">0</subfield>
    <subfield code="6">B_718053329</subfield>
    <subfield code="7">1</subfield>
    <subfield code="a">CISF</subfield>
    <subfield code="b">CISF</subfield>
    <subfield code="d">2016-10-14</subfield>
    <subfield code="l">0</subfield>
    <subfield code="o">b7180-53329 </subfield>
    <subfield code="r">2016-10-14 00:00:00</subfield>
    <subfield code="w">2016-10-14</subfield>
    <subfield code="y">BK</subfield>
    <subfield code="z">Data import 15.10.2016 / by Epidotti, Vaglietti</subfield>
  </datafield>
</record>
